| 000 | 01391nam a22002535i 4500 | ||
|---|---|---|---|
| 001 | 164595 | ||
| 003 | ES-MaACL | ||
| 005 | 20250806024742.0 | ||
| 008 | 950206s1881 sp |||| | spa d | ||
| 040 |
_aCLM _bspa _cCCPB | PA2 |
||
| 100 | 1 |
_aSánchez Moguel, Antonio, _d1838-1913 _9102783 |
|
| 245 | 1 | 0 |
_aMemoria acerca de El mágico prodigioso de Calderón y en especial sobre las relaciones de este drama con el Fausto de Goethe ... / _csu autor A. Sanchez Moguel... ; precédela el discurso leído por Víctor Balaguer, en la sesión pública celebrada para solemnizar el segundo centenario del gran dramático español. |
| 260 |
_aMadrid : _b[s.n.], _c1881 ( _fTip. de la Correspondencia Ilustrada, a cargo de Eduardo Lluch) |
||
| 300 |
_a212 p. ; _c17 cm. |
||
| 500 | 0 | _aSesión pública celebrada en la Real Academia de la Historia para commemorar el segundo centenario de P. Calderón de la Barca el 24 de mayo de 1881. | |
| 530 | _aDisponible en formato digital. | ||
| 597 | _aPort. a dos tintas. | ||
| 600 | 1 | 4 |
_aCalderón de la Barca, Pedro- _vAniversarios y centenarios _933612 |
| 600 | 1 | 4 |
_aGoethe, Johann Wolfgang von, _d1749-1832 _957568 |
| 700 | 1 |
_aBalaguer, Víctor, _d1824-1901 _924806 |
|
| 852 |
_aES-MaACL _jF-9747 _z-- Enc. hol. |
||
| 856 |
_uhttp://bdh-rd.bne.es/viewer.vm?id=0000147772&page=1 _zBiblioteca Digital Hispánica |
||
| 999 |
_c164595 _d164595 |
||